[Event "Regionalliga SW 9899"]
[Site "Bayern"]
[Date "1999.??.??"]
[Round "9.5"]
[White "Reppert, Stefan"]
[Black "Gallecker, Helmut"]
[Result "1-0"]
[WhiteElo "1955"]
[BlackElo "1960"]
[PlyCount "78"]
[EventDate "1998.??.??"]
[EventType "team-tourn"]
[EventRounds "9"]
[EventCountry "GER"]
[SourceTitle "EXT 2020"]
[Source "ChessBase"]
[SourceDate "2019.10.17"]
[SourceVersion "1"]
[SourceVersionDate "2019.10.17"]
[SourceQuality "1"]
[WhiteTeam "Haar"]
[BlackTeam "Pasing II"]
[WhiteTeamCountry "GER"]
[BlackTeamCountry "GER"]

1. d4 d5 2. Nf3 Nf6 3. Bg5 Ne4 4. Bh4 c5 5. c3 Nc6 6. dxc5 g6 7. e3 Bg7 8. Be2 Qa5 9. Nd4 Qxc5 10. Nb3 Qd6 11. N1d2 Bxc3 12. bxc3 Nxc3 13. Qc1 Nxe2 14. Kxe2 b6 15. a3 Ba6+ 16. Kd1 0-0 17. Qb2 e5 18. Bg3 f5 19. f4 d4 20. exd4 Qd5 21. Rg1 exd4 22. Nc1 Na5 23. Bf2 Rfd8 24. Qb4 Rac8 25. Bh4 Re8 26. Be7 Nc6 27. Qb3 Qxb3+ 28. Ncxb3 Rxe7 29. Nf3 Bb5 30. Re1 Rxe1+ 31. Kxe1 Re8+ 32. Kf2 Re2+ 33. Kg3 d3 34. Rd1 Ra2 35. Nfd4 Nxd4 36. Nxd4 Ba6 37. Nc6 Rxa3 38. Nxa7 d2+ 39. Kf2 Bc4 1-0

[Event "Regionalliga SW 9899"]
[Site "Bayern"]
[Date "1999.??.??"]
[Round "4.5"]
[White "Reppert, Stefan"]
[Black "Jermann, Frank"]
[Result "0-1"]
[WhiteElo "1955"]
[BlackElo "2090"]
[PlyCount "40"]
[EventDate "1998.??.??"]
[EventType "team-tourn"]
[EventRounds "9"]
[EventCountry "GER"]
[SourceTitle "EXT 2020"]
[Source "ChessBase"]
[SourceDate "2019.10.17"]
[SourceVersion "1"]
[SourceVersionDate "2019.10.17"]
[SourceQuality "1"]
[WhiteTeam "Haar"]
[BlackTeam "Muenchen Suedost"]
[WhiteTeamCountry "GER"]
[BlackTeamCountry "GER"]

1. e4 d5 2. exd5 Qxd5 3. Nc3 Qa5 4. d4 c6 5. Bd3 Nf6 6. Nf3 Bg4 7. h3 Bh5 8. g4 Bg6 9. Ne5 Bxd3 10. Qxd3 e6 11. Bd2 Bb4 12. 0-0-0 Bxc3 13. Bxc3 Qxa2 14. f4 Nd5 15. g5 Nxc3 16. bxc3 Qa3+ 17. Kb1 Nd7 18. Nxd7 Kxd7 19. f5 a5 20. g6 Ra6 0-1

[Event "Regionalliga SW 9899"]
[Site "Bayern"]
[Date "1998.??.??"]
[Round "2.6"]
[White "Schuele, Herbert"]
[Black "Reppert, Stefan"]
[Result "0-1"]
[WhiteElo "1975"]
[BlackElo "1955"]
[PlyCount "44"]
[EventDate "1998.??.??"]
[EventType "team-tourn"]
[EventRounds "9"]
[EventCountry "GER"]
[SourceTitle "EXT 2020"]
[Source "ChessBase"]
[SourceDate "2019.10.17"]
[SourceVersion "1"]
[SourceVersionDate "2019.10.17"]
[SourceQuality "1"]
[WhiteTeam "Lauingen"]
[BlackTeam "Haar"]
[WhiteTeamCountry "GER"]
[BlackTeamCountry "GER"]

1. e4 c5 2. Nf3 Nc6 3. c3 d5 4. exd5 Qxd5 5. d4 cxd4 6. cxd4 Bg4 7. Be2 e6 8. Nc3 Bb4 9. 0-0 Qa5 10. Qd3 Nf6 11. Ne4 0-0-0 12. Nxf6 gxf6 13. Be3 Kb8 14. a3 Be7 15. b4 Qh5 16. b5 Ne5 17. Bf4 Ka8 18. Bxe5 fxe5 19. Rfe1 exd4 20. Nxd4 Bf6 21. Bxg4 Qxg4 22. Re4 Rxd4 0-1